| 000 | 00566nam a22001937a 4500 | ||
|---|---|---|---|
| 003 | OSt | ||
| 005 | 20160408150839.0 | ||
| 008 | 160408b xxu||||| |||| 00| 0 eng d | ||
| 020 | _a0131865919 | ||
| 040 | _cDDC. | ||
| 082 | _a658.8ARM 2006. | ||
| 100 |
_aArmstrong,Gary;Kotler,Philip; _96736 |
||
| 245 |
_aMarketing ; _bAn introduction. |
||
| 260 |
_aNew Jersey; _bPearson Prentice Hall. _c2006. |
||
| 300 |
_axxxii,122p; _bcol,ill; _c29cm |
||
| 504 | _aAppendix,Glossary,Reference,Credits and index are included. | ||
| 650 |
_aMarketing. _9518 |
||
| 942 |
_2ddc _cSLOAN |
||
| 999 |
_c3418 _d3418 |
||